[Event "GLC Chess Challenge"]
[Site "London ENG"]
[Date "1986.03.11"]
[EventDate "1986.03.11"]
[Round "1"]
[Result "1-0"]
[White "Chandler, Murray Graham"]
[Black "Vaganian, Rafael"]
[WhiteElo "2535"]
[BlackElo "2645"]
[PlyCount "73"]

1.e4 e6 2.d4 d5 3.Nc3 Bb4 4.e5 c5 5.a3 Ba5 6.b4 cxd4 7.Nb5 Bc7
8.f4 Bd7 9.Nf3 Bxb5 10.Bxb5+ Nc6 11.O-O Ne7 12.Bd3 a6 13.Kh1
h6 14.Qe2 Qd7 15.Bb2 Bb6 16.Rae1 Rc8 17.g4 g6 18.Nh4 h5 19.f5
hxg4 20.fxg6 Rxh4 21.gxf7+ Kf8 22.Bc1 Nf5 23.Bxf5 d3 24.Bxd3
g3 25.Qg2 Rxh2+ 26.Qxh2 gxh2 27.Bh6+ Ke7 28.Bg5+ Kf8 29.Bh6+
Ke7 30.Bg6 Bc7 31.Bg5+ Kf8 32.Bh6+ Ke7 33.f8=Q+ Rxf8 34.Bxf8+
Kd8 35.Rf7 Qe8 36.Bg7 Nxe5 37.Bf6+ 1-0

[Event "GLC Chess Challenge"]
[Site "London ENG"]
[Date "1986.03.11"]
[EventDate "1986.03.11"]
[Round "1"]
[Result "0-1"]
[White "Portisch, Lajos"]
[Black "Mestel, Andrew Jonathan"]
[WhiteElo "2610"]
[BlackElo "2525"]
[PlyCount "84"]

1.d4 g6 2.c4 Bg7 3.e4 d6 4.Nc3 Nf6 5.f3 O-O 6.Be3 Nbd7 7.Nh3
e5 8.d5 Nc5 9.Nf2 Nh5 10.g3 f5 11.exf5 gxf5 12.Be2 Qe8 13.Qd2
Bd7 14.f4 Na4 15.Nxa4 Bxa4 16.Rg1 Qg6 17.Nd3 b6 18.fxe5 dxe5
19.g4 Nf4 20.Bxf4 exf4 21.Nxf4 Qg5 22.Rg3 Qh4 23.gxf5 Kh8
24.Ne6 Be5 25.Qe3 Rxf5 26.Kd2 Bxg3 27.hxg3 Qf6 28.Qc3 Bd7
29.g4 Qxc3+ 30.bxc3 Re5 31.Nxc7 Rf8 32.Kd3 Rf2 33.Bd1 Rf1
34.d6 Rf6 35.Nd5 Rxd6 36.Bf3 Rg5 37.Re1 Bxg4 38.Re8+ Kg7
39.Bxg4 Rxg4 40.Re7+ Kg6 41.Rxa7 b5 42.Ke3 Rxc4 0-1

[Event "GLC Chess Challenge"]
[Site "London ENG"]
[Date "1986.03.11"]
[EventDate "1986.03.11"]
[Round "1"]
[Result "0-1"]
[White "Dlugy, Maxim"]
[Black "Flear, Glenn Curtis"]
[WhiteElo "2545"]
[BlackElo "2485"]
[PlyCount "134"]

1. d4 d5 2. c4 e6 3. Nf3 Nf6 4. g3 dxc4 5. Bg2 a6 6. O-O b5
7. Ne5 Nd5 8. a4 Bb7 9. e4 Nf6 10. axb5 axb5 11. Rxa8 Bxa8
12. Nc3 c6 13. Bg5 Be7 14. Qa1 Bb7 15. Qa7 Qc8 16. Nf3 h6
17. Bxf6 Bxf6 18. e5 Be7 19. Nd2 O-O 20. Nxb5 cxb5 21. Bxb7
Qc7 22. Ra1 Bb4 23. Nf3 c3 24. bxc3 Bxc3 25. Be4 Qc4 26. Ra3
Nc6 27. Bxc6 Qxc6 28. Qc5 Qxc5 29. dxc5 b4 30. Ra5 b3 31. Rb5
b2 32. Kf1 Rc8 33. Ne1 Rxc5 34. Rb8+ Kh7 35. Nd3 Rc8 36. Rb5
Ra8 37. Nxb2 Ra1+ 38. Kg2 Rb1 39. Rc5 Bxb2 40. Rb5 g5 41. g4
Kg6 42. Kf3 h5 43. h3 h4 44. Rb7 Kh6 45. Kg2 Kg7 46. Rb8 f6
47. exf6+ Kxf6 48. Kf3 e5 49. Rb6+ Ke7 50. Ke2 Kd7 51. Kd3 Kc7
52. Rb3 Kc6 53. Rb8 Kc5 54. Rb7 e4+ 55. Kxe4 Re1+ 56. Kf3 Be5
57. Rf7 Kd4 58. Rf5 Bf4 59. Kg2 Ke4 60. Rf7 Ra1 61. Re7+ Be5
62. Re8 Ra2 63. Kg1 Ra5 64. Kg2 Kd3 65. Kf3 Bd4 66. Rf8 Ra6
67. Kg2 Rf6 0-1

[Event "GLC Chess Challenge"]
[Site "London ENG"]
[Date "1986.03.12"]
[EventDate "1986.03.11"]
[Round "2"]
[Result "1-0"]
[White "Chandler, Murray Graham"]
[Black "Short, Nigel David"]
[WhiteElo "2535"]
[BlackElo "2585"]
[PlyCount "115"]

1.e4 e5 2.Nf3 Nf6 3.Nxe5 d6 4.Nf3 Nxe4 5.d3 Nf6 6.d4 d5 7.Bd3
Bd6 8.O-O O-O 9.h3 h6 10.Re1 Nc6 11.a3 Re8 12.Rxe8+ Qxe8
13.Nc3 a6 14.Be3 Bd7 15.Nh4 Qe6 16.Bf5 Qe8 17.Qf3 Bxf5 18.Nxf5
Qe6 19.Re1 Re8 20.Re2 Ne4 21.Qg4 g6 22.Nxh6+ Kg7 23.Qxe6 Rxe6
24.Nxd5 f5 25.c3 Ne7 26.Nxe7 Bxe7 27.g4 Nd6 28.Kf1 Rxe3
29.Rxe3 Bg5 30.Nxf5+ gxf5 31.Re2 b5 32.b3 Ne4 33.gxf5 Nxc3
34.Rc2 b4 35.axb4 Nb5 36.Rc6 Be7 37.d5 Bxb4 38.Rxa6 Nd4 39.Ra4
Bc5 40.Rc4 Bb6 41.b4 Nxf5 42.Ke2 Ne7 43.Kd3 Nxd5 44.Ke4 Ne7
45.Ke5 Kf7 46.Rf4+ Kg6 47.Ke6 Nc6 48.Rg4+ Kh6 49.f4 Nxb4
50.Rh4+ Kg7 51.f5 Nd3 52.f6 Kg6 53.Rg4+ Kh5 54.Kf5 Bc5 55.Rg7
Kh4 56.Rxc7 Kxh3 57.f7 Bb4 58.Rc4 1-0

[Event "GLC Chess Challenge"]
[Site "London ENG"]
[Date "1986.03.13"]
[EventDate "1986.03.11"]
[Round "3"]
[Result "0-1"]
[White "Larsen, Bent"]
[Black "Chandler, Murray Graham"]
[WhiteElo "2575"]
[BlackElo "2535"]
[PlyCount "92"]

1.c4 e5 2.g3 Nf6 3.Bg2 c6 4.d4 exd4 5.Qxd4 d5 6.cxd5 cxd5
7.Nf3 Nc6 8.Qa4 Bc5 9.O-O O-O 10.Bg5 Re8 11.e3 h6 12.Bxf6 Qxf6
13.Nc3 Be6 14.Rad1 Rad8 15.Rd2 Bb6 16.Rfd1 d4 17.Nxd4 Bxd4
18.exd4 Bg4 19.Ne4 Qg6 20.f3 Rxe4 21.fxe4 Bxd1 22.Qxd1 Nxd4
23.Kh1 Qf6 24.e5 Qxe5 25.Bxb7 Rd6 26.Bg2 h5 27.b4 h4 28.gxh4
Qf4 29.Rd3 Qxh4 30.Re3 Nf5 31.Re8+ Kh7 32.Qf3 g6 33.Bf1 Rd2
34.Re2 Rxe2 35.Bxe2 Qxb4 36.Qf1 Qe4+ 37.Bf3 Qf4 38.Qd3 Nd4
39.Bd1 Qf2 40.Qg3 Qf1+ 41.Qg1 Qc4 42.Qg4 Qf1+ 43.Qg1 Qd3
44.Qg4 Nf5 45.Qe2 Qd5+ 46.Kg1 Qd4+ 0-1

[Event "GLC Chess Challenge"]
[Site "London ENG"]
[Date "1986.03.13"]
[EventDate "1986.03.11"]
[Round "3"]
[Result "1-0"]
[White "Polugaevsky, Lev"]
[Black "Flear, Glenn Curtis"]
[WhiteElo "2575"]
[BlackElo "2485"]
[PlyCount "61"]

1. d4 d5 2. Nf3 Nf6 3. c4 c6 4. Nc3 e6 5. Bg5 dxc4 6. e4 b5
7. e5 h6 8. Bh4 g5 9. Nxg5 hxg5 10. Bxg5 Be7 11. exf6 Bxf6
12. Bxf6 Qxf6 13. g3 Bb7 14. Bg2 Na6 15. a4 O-O-O 16. axb5
cxb5 17. Bxb7+ Kxb7 18. Nxb5 Qf5 19. Qa4 Qe4+ 20. Kd2 Qc6
21. b3 Qb6 22. bxc4 Rxd4+ 23. Ke2 Re4+ 24. Kf3 f5 25. Rhb1
Rf4+ 26. gxf4 Qc6+ 27. Ke2 Qe4+ 28. Kd1 Rd8+ 29. Nd6+ Kc7
30. Qa5+ Kxd6 31. Qxd8+ 1-0

[Event "GLC Chess Challenge"]
[Site "London ENG"]
[Date "1986.03.13"]
[EventDate "1986.03.11"]
[Round "3"]
[Result "1/2-1/2"]
[White "Portisch, Lajos"]
[Black "Spassky, Boris"]
[WhiteElo "2610"]
[BlackElo "2610"]
[PlyCount "71"]

1.Nf3 Nf6 2.c4 e6 3.Nc3 d5 4.d4 Be7 5.Bg5 h6 6.Bxf6 Bxf6 7.e3
c6 8.Bd3 O-O 9.O-O Nd7 10.Rc1 dxc4 11.Bxc4 b6 12.e4 Bb7 13.e5
Be7 14.Qe2 Re8 15.Rfd1 b5 16.Bd3 Qb6 17.Qe4 Nf8 18.Qe3 c5
19.Nxb5 cxd4 20.Qxd4 Red8 21.Qxb6 axb6 22.a3 Bxf3 23.gxf3 Bg5
24.Rb1 Nd7 25.Be4 Rab8 26.b4 Nxe5 27.Kg2 f5 28.Bc2 Ng6 29.Bb3
Nf4+ 30.Kf1 Bf6 31.Rxd8+ Rxd8 32.Rd1 Rc8 33.Re1 Rc6 34.Na7 Rc3
35.Re3 Rc1+ 36.Re1 1/2-1/2

[Event "GLC Chess Challenge"]
[Site "London ENG"]
[Date "1986.03.13"]
[EventDate "1986.03.11"]
[Round "3"]
[Result "1/2-1/2"]
[White "Short, Nigel David"]
[Black "Vaganian, Rafael"]
[WhiteElo "2585"]
[BlackElo "2645"]
[PlyCount "37"]

1.e4 e6 2.d4 d5 3.Nd2 c5 4.exd5 exd5 5.Bb5+ Nc6 6.Ngf3 Bd6
7.dxc5 Bxc5 8.O-O Ne7 9.Nb3 Bd6 10.Bg5 O-O 11.Re1 Bg4 12.Be2
Re8 13.c3 h6 14.Bh4 Qb6 15.Nfd4 Bxe2 16.Rxe2 Nxd4 17.Nxd4 Nc6
18.Nf5 Bf8 19.Nxh6+ 1/2-1/2

[Event "GLC Chess Challenge"]
[Site "London ENG"]
[Date "1986.03.14"]
[EventDate "1986.03.11"]
[Round "4"]
[Result "1/2-1/2"]
[White "Spassky, Boris"]
[Black "Polugaevsky, Lev"]
[WhiteElo "2610"]
[BlackElo "2575"]
[PlyCount "28"]

1. d4 Nf6 2. c4 e6 3. Nf3 Bb4+ 4. Bd2 Bxd2+ 5. Qxd2 d5 6. Nc3
O-O 7. e3 Qe7 8. Rc1 Rd8 9. cxd5 exd5 10. Be2 c6 11. O-O Bg4
12. Ne5 Bxe2 13. Qxe2 Nfd7 14. Nxd7 Rxd7 1/2-1/2

[Event "GLC Chess Challenge"]
[Site "London ENG"]
[Date "1986.03.14"]
[EventDate "1986.03.11"]
[Round "4"]
[Result "1-0"]
[White "Vaganian, Rafael"]
[Black "Mestel, Andrew Jonathan"]
[WhiteElo "2645"]
[BlackElo "2525"]
[PlyCount "55"]

1.d4 g6 2.Nf3 Bg7 3.c4 Nf6 4.g3 O-O 5.Bg2 d6 6.O-O c5 7.Nc3
Nc6 8.dxc5 dxc5 9.Be3 Be6 10.Qa4 Nd4 11.Rad1 Ng4 12.Bxd4 cxd4
13.Nd5 Bxd5 14.cxd5 Qxd5 15.h3 Ne5 16.Nxd4 Qc4 17.Qa3 Qc7
18.b3 a6 19.Qb4 Rab8 20.Rc1 Qd7 21.Rfd1 Rfd8 22.e3 Qd6 23.Qxd6
Rxd6 24.Kf1 Kf8 25.Ke2 b6 26.Rc7 Re8 27.f4 Nd7 28.Bc6 1-0

[Event "GLC Chess Challenge"]
[Site "London ENG"]
[Date "1986.03.14"]
[EventDate "1986.03.11"]
[Round "4"]
[Result "0-1"]
[White "Plaskett, Harold James"]
[Black "Dlugy, Maxim"]
[WhiteElo "2435"]
[BlackElo "2545"]
[PlyCount "60"]

1. e4 c6 2. d4 d5 3. Nc3 dxe4 4. Nxe4 Nd7 5. Nf3 Ngf6 6. Nxf6+
Nxf6 7. h3 Bf5 8. Bd3 Bxd3 9. Qxd3 e6 10. Bg5 Be7 11. O-O-O
Nd5 12. h4 b5 13. Ne5 Rc8 14. Bd2 O-O 15. h5 Qc7 16. Rh3 c5
17. Rg3 cxd4 18. Nd7 Qxd7 19. Bh6 Bf6 20. Bxg7 Bxg7 21. h6 Nf6
22. Rxg7+ Kh8 23. g4 e5 24. f3 e4 25. fxe4 Ne8 26. Rg5 f6
27. Rf5 Nd6 28. Rd5 Qxg4 29. e5 Nc4 30. Rxb5 Ne3 0-1

[Event "GLC Chess Challenge"]
[Site "London ENG"]
[Date "1986.03.15"]
[EventDate "1986.03.11"]
[Round "9"]
[Result "1-0"]
[White "Flear, Glenn Curtis"]
[Black "Plaskett, Harold James"]
[WhiteElo "2485"]
[BlackElo "2435"]
[PlyCount "91"]

1. Nf3 d6 2. d4 Bg4 3. e3 Nf6 4. Be2 c6 5. O-O Nbd7 6. b3 e5
7. dxe5 dxe5 8. Bb2 Qc7 9. Nbd2 e4 10. Nd4 Bxe2 11. Qxe2 Bd6
12. h3 O-O-O 13. Nc4 Ne5 14. Nxd6+ Qxd6 15. Rfd1 Qc7 16. Nf5
g6 17. Ng3 c5 18. Rxd8+ Rxd8 19. Rd1 a6 20. Rxd8+ Kxd8
21. Qd1+ Ke7 22. Nxe4 Nxe4 23. Qd5 Nf6 24. Qxe5+ Qxe5 25. Bxe5
Nd5 26. a3 Ke6 27. Bb2 b5 28. Kf1 f5 29. Ke2 a5 30. Kd3 Nb6
31. Bg7 Kd5 32. f3 c4+ 33. Kc3 cxb3 34. cxb3 Nd7 35. Bd4 Nb8
36. Bb6 Nc6 37. a4 b4+ 38. Kd2 Kd6 39. Kd3 Kd5 40. f4 h6
41. h4 Nb8 42. Bxa5 Na6 43. Bb6 h5 44. g3 Nb8 45. Bd8 Nc6
46. Bc7 1-0

[Event "GLC Chess Challenge"]
[Site "London ENG"]
[Date "1986.03.17"]
[EventDate "1986.03.11"]
[Round "5"]
[Result "0-1"]
[White "Dlugy, Maxim"]
[Black "Chandler, Murray Graham"]
[WhiteElo "2545"]
[BlackElo "2535"]
[PlyCount "92"]

1.d4 Nf6 2.c4 e6 3.Nf3 b6 4.g3 Ba6 5.Qa4 c6 6.Nc3 d5 7.cxd5
exd5 8.Bg2 Bd6 9.Bg5 O-O 10.Ne5 b5 11.Qc2 b4 12.Na4 Re8 13.Nd3
h6 14.Bd2 Bb5 15.Nac5 Bxc5 16.dxc5 Na6 17.Bf3 Ne4 18.O-O Bxd3
19.exd3 Nxd2 20.Qxd2 Nxc5 21.Rfc1 Qb6 22.Qc2 Nd7 23.d4 Qxd4
24.Qxc6 Nb6 25.b3 Rac8 26.Qb7 Rc3 27.Rd1 Qf6 28.Bxd5 Re2
29.Bg2 Rcc2 30.Rf1 Rxf2 31.Be4 Qd4 32.Bxc2 Rxf1+ 33.Kxf1 Qxa1+
34.Kg2 Qe5 35.Qxa7 Qe2+ 36.Kg1 Qe3+ 37.Kg2 Qe2+ 38.Kg1 Qe3+
39.Kg2 g5 40.Qb8+ Kg7 41.Qd6 Qe2+ 42.Kg1 Qxc2 43.Qxb6 Qb1+
44.Kg2 Qxa2+ 45.Kh3 Qxb3 46.Qd4+ Kg8 0-1

[Event "GLC Chess Challenge"]
[Site "London ENG"]
[Date "1986.03.18"]
[EventDate "1986.03.11"]
[Round "6"]
[Result "0-1"]
[White "Chandler, Murray Graham"]
[Black "Portisch, Lajos"]
[WhiteElo "2535"]
[BlackElo "2610"]
[PlyCount "72"]

1.e4 c5 2.Nf3 d6 3.d4 cxd4 4.Nxd4 Nf6 5.Nc3 a6 6.Be3 e5 7.Nf3
Qc7 8.a4 Be7 9.a5 O-O 10.Be2 Nc6 11.Bb6 Qd7 12.Nd2 d5 13.exd5
Nxd5 14.Nxd5 Qxd5 15.O-O Bf5 16.c3 e4 17.Nc4 Qe6 18.Ne3 Bd8
19.Bc4 Qg6 20.Nxf5 Bxb6 21.Qd7 Bd8 22.Bd5 Ne5 23.Qxb7 Qxf5
24.Qxa8 Bc7 25.Qb7 Nf3+ 26.Kh1 Nxh2 27.Qxc7 Nxf1 28.Bxe4 Qxf2
29.Bd3 Ne3 30.Qh2 g6 31.Qh3 Re8 32.Qf3 Qxb2 33.Rb1 Qxc3
34.Bxa6 Qxa5 35.Bd3 Qg5 36.Kg1 Ng4 0-1

[Event "GLC Chess Challenge"]
[Site "London ENG"]
[Date "1986.03.18"]
[EventDate "1986.03.11"]
[Round "6"]
[Result "1/2-1/2"]
[White "Short, Nigel David"]
[Black "Dlugy, Maxim"]
[WhiteElo "2585"]
[BlackElo "2545"]
[PlyCount "57"]

1.e4 c6 2.c4 d5 3.cxd5 cxd5 4.exd5 Qxd5 5.Nc3 Qd6 6.d4 e6
7.Nge2 Nf6 8.g3 Bd7 9.Bf4 Qb6 10.Bg2 Bc6 11.d5 Nxd5 12.Nxd5
Bb4+ 13.Nec3 Bxd5 14.Bxd5 Bxc3+ 15.bxc3 exd5 16.O-O O-O
17.Qxd5 Rd8 18.Qb3 Qxb3 19.axb3 Nc6 20.Rfd1 Rac8 21.c4 a6
22.Be3 Rxd1+ 23.Rxd1 Rd8 24.Rxd8+ Nxd8 25.Kg2 Nc6 26.Bb6 f5
27.Kf3 Kf7 28.Kf4 Kf6 29.h4 1/2-1/2

[Event "GLC Chess Challenge"]
[Site "London ENG"]
[Date "1986.03.18"]
[EventDate "1986.03.11"]
[Round "6"]
[Result "1/2-1/2"]
[White "Spassky, Boris"]
[Black "Mestel, Andrew Jonathan"]
[WhiteElo "2610"]
[BlackElo "2525"]
[PlyCount "80"]

1. e4 c5 2. b3 d6 3. Bb5+ Bd7 4. Bxd7+ Nxd7 5. c4 g6 6. Bb2
Ngf6 7. f4 Bg7 8. Qf3 O-O 9. Ne2 a6 10. Nbc3 Rb8 11. O-O b5
12. d3 Qa5 13. Nd1 Ne8 14. Bxg7 Nxg7 15. Ne3 e6 16. g4 Qd2
17. Ng3 Rb6 18. Rf2 Qxd3 19. Rd1 Qc3 20. e5 f5 21. Nexf5 Qxf3
22. Nh6+ Kh8 23. Rxf3 Ne8 24. exd6 g5 25. f5 exf5 26. Ngxf5
Nxd6 27. Nxd6 Rxf3 28. Ndf7+ Kg7 29. Rxd7 Rf4 30. Nf5+ Kf6
31. N7h6 bxc4 32. Rc7 Re6 33. Rf7+ Ke5 34. bxc4 Rxc4 35. Rxh7
Rc2 36. Ne3 Rxa2 37. Nhf5 Kf4 38. Rc7 Kf3 39. Rxc5 Rxe3
40. Nxe3 Kxe3 1/2-1/2

[Event "GLC Chess Challenge"]
[Site "London ENG"]
[Date "1986.03.18"]
[EventDate "1986.03.11"]
[Round "6"]
[Result "0-1"]
[White "Vaganian, Rafael"]
[Black "Flear, Glenn Curtis"]
[WhiteElo "2645"]
[BlackElo "2485"]
[PlyCount "122"]

1.Nf3 Nf6 2.g3 d5 3.Bg2 c6 4.O-O Bg4 5.c4 Nbd7 6.cxd5 cxd5
7.Qb3 Qb6 8.Qxb6 Nxb6 9.Nc3 Bxf3 10.Bxf3 e6 11.d3 Bc5 12.a4 a6
13.Bd2 Ke7 14.Rfc1 Rhc8 15.Kf1 Nbd7 16.Rc2 Rc7 17.g4 Bd6 18.g5
Ne8 19.Rac1 Rac8 20.d4 b5 21.e4 b4 22.Nxd5+ exd5 23.Rxc7 Rxc7
24.e5 Rxc1+ 25.Bxc1 Bb8 26.Bxd5 Ba7 27.Be3 Nc7 28.Bc4 Nb6
29.Bb3 Nbd5 30.Ke2 Nxe3 31.fxe3 Ne6 32.h4 g6 33.Kd3 Ng7 34.a5
Nf5 35.Bc4 Bb8 36.h5 Bc7 37.hxg6 hxg6 38.Bxa6 Bxa5 39.d5 Bb6
40.d6 Kf8 41.e4 Nd4 42.Kc4 Nf3 43.Kxb4 Bd4 44.e6 fxe6 45.b3
Nxg5 46.Kb5 Nxe4 47.Kc6 Be5 48.Bc4 Bxd6 49.Bd3 Nc5 50.Bxg6 Ke7
51.b4 Nd7 52.Kb5 Bg3 53.Be4 Bf2 54.Kc6 Nb6 55.b5 Bd4 56.Bc2 e5
57.Bb1 Kf6 58.Kd6 Kg5 59.Ke6 Kf4 60.Bc2 e4 61.Bd1 Bc5 0-1

[Event "GLC Chess Challenge"]
[Site "London ENG"]
[Date "1986.03.19"]
[EventDate "1986.03.11"]
[Round "7"]
[Result "1/2-1/2"]
[White "Flear, Glenn Curtis"]
[Black "Spassky, Boris"]
[WhiteElo "2485"]
[BlackElo "2610"]
[PlyCount "57"]

1. d4 Nf6 2. c4 e6 3. Nc3 Bb4 4. e3 O-O 5. Bd3 d5 6. Nf3 c5
7. O-O Nc6 8. a3 Bxc3 9. bxc3 dxc4 10. Bxc4 Qc7 11. Be2 e5
12. Bb2 e4 13. Nd2 Bf5 14. c4 Rfe8 15. d5 Ne5 16. Re1 Bg6
17. a4 Rab8 18. Ra3 Nfd7 19. f4 exf3 20. gxf3 f6 21. f4 Nf7
22. Bg4 f5 23. Bf3 Nf6 24. h4 Nh6 25. Bxf6 gxf6 26. Kf2 Rf8
27. Rg1 Kh8 28. Nf1 Be8 29. Ng3 1/2-1/2

[Event "GLC Chess Challenge"]
[Site "London ENG"]
[Date "1986.03.19"]
[EventDate "1986.03.11"]
[Round "7"]
[Result "0-1"]
[White "Dlugy, Maxim"]
[Black "Larsen, Bent"]
[WhiteElo "2545"]
[BlackElo "2575"]
[PlyCount "116"]

1.d4 Nf6 2.c4 e6 3.Nf3 b6 4.g3 Ba6 5.Qa4 c5 6.Bg2 Bb7 7.dxc5
bxc5 8.O-O Be7 9.Nc3 O-O 10.Rd1 Qb6 11.Qb3 Qxb3 12.axb3 a6
13.Bf4 Rd8 14.Bd6 Bxd6 15.Rxd6 Bc6 16.Ra5 Ra7 17.Rxc5 Rb7
18.Nd2 Bxg2 19.Kxg2 Kf8 20.Rd3 Ke7 21.e4 d6 22.Ra5 Nc6 23.Ra1
Nb4 24.Rf3 Nd7 25.Na2 Nc6 26.Rc3 Nc5 27.Nc1 Rdb8 28.Ra3 Nb4
29.Kf1 g5 30.Ke2 Rb6 31.Ke3 h6 32.h3 Kd7 33.Nf3 f5 34.Nd2 Rf8
35.f3 h5 36.f4 gxf4+ 37.gxf4 Rg8 38.Ne2 Rg2 39.e5 Rh2 40.Ng1
dxe5 41.fxe5 Rb8 42.Ngf3 Rxh3 43.Ra5 Kc6 44.Kf2 Kb6 45.Rxc5
Kxc5 46.Kg2 Rxf3 47.Nxf3 Rg8+ 48.Kf1 Rg4 49.Rc1 a5 50.Rd1 Nc6
51.Kf2 Rf4 52.Kg3 Re4 53.Rd6 Re3 54.Kg2 h4 55.Nxh4 Rxe5 56.Rd2
Re3 57.Ng6 Nd4 58.Nf8 Rxb3 0-1

[Event "GLC Chess Challenge"]
[Site "London ENG"]
[Date "1986.03.20"]
[EventDate "1986.03.11"]
[Round "8"]
[Result "1-0"]
[White "Short, Nigel David"]
[Black "Polugaevsky, Lev"]
[WhiteElo "2585"]
[BlackElo "2575"]
[PlyCount "89"]

1. e4 c5 2. Nf3 d6 3. d4 cxd4 4. Nxd4 Nf6 5. Nc3 a6 6. Be3 e6
7. Qd2 Be7 8. f3 O-O 9. O-O-O Nc6 10. g4 Nxd4 11. Qxd4 b5
12. e5 dxe5 13. Qxe5 Nd7 14. Qe4 Rb8 15. Bd3 g6 16. Qf4 Bb7
17. h4 Rc8 18. Be4 Bxe4 19. Nxe4 Qc7 20. Rh2 f5 21. Qxc7 Rxc7
22. Ng5 Bxg5 23. Bxg5 fxg4 24. fxg4 Ne5 25. Re2 Nxg4 26. Rxe6
Rf2 27. c3 a5 28. Bd8 Rcf7 29. Bxa5 Rh2 30. Re8+ Kg7 31. Bd8
h6 32. Rd2 Rxd2 33. Kxd2 g5 34. hxg5 Rd7+ 35. Ke2 Kf7 36. Re4
Rxd8 37. Rxg4 h5 38. g6+ Kf6 39. Rg2 h4 40. g7 Rg8 41. Kf3 Kf5
42. Rg4 h3 43. Rh4 Ke6 44. Rxh3 Rxg7 45. Rh5 1-0

[Event "GLC Chess Challenge"]
[Site "London ENG"]
[Date "1986.03.20"]
[EventDate "1986.03.11"]
[Round "8"]
[Result "0-1"]
[White "Speelman, Jonathan Simon"]
[Black "Flear, Glenn Curtis"]
[WhiteElo "2560"]
[BlackElo "2485"]
[PlyCount "161"]

1.c4 e6 2.Nc3 d5 3.d4 c6 4.Nf3 dxc4 5.e3 b5 6.a4 Bb4 7.Nd2 Qb6
8.Qg4 Kf8 9.g3 Nf6 10.Qf3 Bb7 11.Bg2 a6 12.O-O Nbd7 13.Na2 Bd6
14.b3 cxb3 15.Nxb3 Ke7 16.Bd2 Rab8 17.Na5 Ba8 18.Nb4 Nd5
19.Naxc6+ Bxc6 20.Nxc6+ Qxc6 21.e4 Qc2 22.Bg5+ N5f6 23.Rfc1
Qb2 24.e5 Nxe5 25.dxe5 Bxe5 26.Rab1 Qd4 27.Rd1 Qc3 28.Bd2 Qxf3
29.Bb4+ Ke8 30.Bxf3 Rc8 31.Bb7 Rc2 32.Rb3 bxa4 33.Rbd3 Bc7
34.Ba3 Ba5 35.Rd6 Rc3 36.Rxa6 Rxa3 37.Bc6+ Kf8 38.Rxa5 g6
39.Ra7 Kg7 40.Rb1 Rb3 41.Ra1 a3 42.R1xa3 Rxa3 43.Rxa3 Rc8
44.Bf3 Rc2 45.h4 Rd2 46.Ra5 h6 47.Kf1 Rd4 48.Rb5 Ng8 49.Rb7
Kf6 50.Bc6 Ne7 51.Be8 Rd8 52.Bd7 Nf5 53.Ra7 Rb8 54.Kg2 Rb2
55.Kg1 Rd2 56.Bc6 Nd6 57.Ra6 e5 58.Ba4 Rd4 59.Bb3 g5 60.hxg5+
hxg5 61.f4 exf4 62.gxf4 g4 63.Ra7 Rxf4 64.Rd7 Ke5 65.Re7+ Kf6
66.Rd7 Ke5 67.Re7+ Kd4 68.Kg2 f5 69.Rd7 Ke5 70.Re7+ Kd4 71.Rd7
Kc5 72.Be6 Re4 73.Rxd6 Kxd6 74.Bxf5 Rf4 75.Bg6 Ke5 76.Kg3 Rd4
77.Bh7 Rc4 78.Bb1 Kf6 79.Kh4 Rc1 80.Bd3 Rg1 81.Bg6 0-1

[Event "GLC Chess Challenge"]
[Site "London ENG"]
[Date "1986.03.22"]
[EventDate "1986.03.11"]
[Round "9"]
[Result "0-1"]
[White "Mestel, Andrew Jonathan"]
[Black "Chandler, Murray Graham"]
[WhiteElo "2525"]
[BlackElo "2535"]
[PlyCount "79"]

1.e4 c5 2.Nf3 d6 3.d4 cxd4 4.Nxd4 Nf6 5.Nc3 a6 6.Be3 e5 7.Nf3
Qc7 8.a4 Be7 9.a5 O-O 10.Bb6 Qc6 11.Nd5 Nxd5 12.exd5 Qe8
13.Be2 Nd7 14.Bc7 f5 15.O-O Nf6 16.c4 f4 17.Re1 e4 18.Nd4 Qg6
19.Kh1 e3 20.Bd3 Qg5 21.Nf3 Qh5 22.fxe3 Ng4 23.Qe2 fxe3 24.Rf1
Bf5 25.Bxf5 Rxf5 26.h3 Raf8 27.Kg1 Nf2 28.Nd4 Qg5 29.Nxf5 Rxf5
30.Rxf2 Rxf2 31.Qg4 Qxg4 32.hxg4 Rxb2 33.Bb6 Bg5 34.c5 dxc5
35.d6 c4 36.Re1 Rd2 37.Bxe3 Bxe3+ 38.Rxe3 Rxd6 39.Kf2 Kf7
40.Ke2 0-1

[Event "GLC Chess Challenge"]
[Site "London ENG"]
[Date "1986.03.22"]
[EventDate "1986.03.11"]
[Round "9"]
[Result "1-0"]
[White "Polugaevsky, Lev"]
[Black "Larsen, Bent"]
[WhiteElo "2575"]
[BlackElo "2575"]
[PlyCount "57"]

1. Nf3 Nf6 2. c4 e6 3. d4 b6 4. g3 Bb7 5. Bg2 Bb4+ 6. Bd2 Be7
7. Nc3 O-O 8. O-O Na6 9. Ne5 Qb8 10. d5 Re8 11. e4 c6 12. Bf4
cxd5 13. Nxd7 Qd8 14. Nxf6+ Bxf6 15. cxd5 exd5 16. exd5 Rc8
17. Nb5 Bxb2 18. Rb1 Be5 19. Bxe5 Rxe5 20. Nxa7 Rb8 21. Nc6
Bxc6 22. dxc6 Qe7 23. Qd7 g6 24. a4 Nc5 25. Qxe7 Rxe7 26. a5
b5 27. Rfd1 Na6 28. Rd7 Kf8 29. Rb7 1-0

[Event "GLC Chess Challenge"]
[Site "London ENG"]
[Date "1986.03.23"]
[EventDate "1986.03.11"]
[Round "10"]
[Result "1/2-1/2"]
[White "Nunn, John Denis Martin"]
[Black "Polugaevsky, Lev"]
[WhiteElo "2585"]
[BlackElo "2575"]
[PlyCount "39"]

1.e4 c5 2.Nf3 d6 3.d4 cxd4 4.Nxd4 Nf6 5.Nc3 a6 6.Be3 e6 7.Qd2
Be7 8.f3 Nc6 9.O-O-O O-O 10.g4 Nxd4 11.Qxd4 b5 12.e5 dxe5
13.Qxe5 Nd7 14.Qe4 Re8 15.Bd3 g6 16.Bf4 e5 17.Bh6 Bg5+ 18.Bxg5
Qxg5+ 19.Kb1 Bb7 20.Qe2 1/2-1/2

[Event "GLC Chess Challenge"]
[Site "London ENG"]
[Date "1986.03.23"]
[EventDate "1986.03.11"]
[Round "10"]
[Result "1/2-1/2"]
[White "Dlugy, Maxim"]
[Black "Portisch, Lajos"]
[WhiteElo "2545"]
[BlackElo "2610"]
[PlyCount "47"]

1.d4 Nf6 2.c4 e6 3.Nf3 b6 4.g3 Ba6 5.Qa4 c5 6.Bg2 Bb7 7.dxc5
bxc5 8.O-O Be7 9.Nc3 O-O 10.Rd1 d6 11.Bf4 Qb6 12.Rd2 Nc6
13.Qd1 Rfd8 14.b3 Nd4 15.e3 Nxf3+ 16.Bxf3 Bxf3 17.Qxf3 h6
18.g4 Qa5 19.Rd3 Rac8 20.Rad1 Rd7 21.Bg3 Rcd8 22.h3 Qb6
23.R1d2 a6 24.Kg2 1/2-1/2

[Event "GLC Chess Challenge"]
[Site "London ENG"]
[Date "1986.03.23"]
[EventDate "1986.03.11"]
[Round "10"]
[Result "1-0"]
[White "Short, Nigel David"]
[Black "Mestel, Andrew Jonathan"]
[WhiteElo "2585"]
[BlackElo "2525"]
[PlyCount "115"]

1.e4 c5 2.Nf3 d6 3.d4 cxd4 4.Nxd4 Nf6 5.Nc3 g6 6.Bc4 Bg7 7.h3
O-O 8.O-O a6 9.Bb3 b5 10.a4 b4 11.Nd5 e6 12.Nxf6+ Bxf6 13.Bh6
Re8 14.Qd2 Qb6 15.Rad1 Bb7 16.Nxe6 Rxe6 17.Bxe6 fxe6 18.Qxd6
Qxd6 19.Rxd6 Be7 20.Rb6 Bc8 21.Rd1 Kf7 22.Be3 e5 23.b3 Be6
24.Rb7 Ke8 25.Rxe7+ Kxe7 26.Bc5+ Ke8 27.Rd6 Bd7 28.Bxb4 Nc6
29.Bc5 Rc8 30.b4 Nd4 31.Rxa6 Ne6 32.Bd6 Rxc2 33.b5 Rb2 34.Ra8+
Kf7 35.Ra7 Ke8 36.Bxe5 Rb4 37.f3 Ke7 38.Ra6 Kd8 39.Bd6 Rb2
40.Ra8+ Bc8 41.Ra7 Bd7 42.Rb7 g5 43.Rb8+ Bc8 44.a5 Kd7 45.Be5
Rb1+ 46.Kh2 Nc7 47.Rb6 Rxb5 48.Bxc7 Rxa5 49.Bg3 h5 50.Rg6 Ke7
51.h4 g4 52.Bf4 Kf7 53.Rg5 Ra3 54.Kg3 Bb7 55.Re5 Kf6 56.Re8
Bc6 57.Bg5+ Kf7 58.Re7+ 1-0

[Event "GLC Chess Challenge"]
[Site "London ENG"]
[Date "1986.03.24"]
[EventDate "1986.03.11"]
[Round "11"]
[Result "1/2-1/2"]
[White "Spassky, Boris"]
[Black "Chandler, Murray Graham"]
[WhiteElo "2610"]
[BlackElo "2535"]
[PlyCount "122"]

1.d4 Nf6 2.Nf3 e6 3.Bg5 c5 4.e3 Qb6 5.Qc1 Ne4 6.Bf4 Nc6 7.c3
Be7 8.Nbd2 f5 9.Be2 O-O 10.O-O d5 11.Ne5 cxd4 12.exd4 Nxe5
13.Bxe5 Bd7 14.Qc2 Bb5 15.Bxb5 Qxb5 16.Nf3 Rac8 17.Ne1 Qc4
18.Nd3 b5 19.f3 Ng5 20.Qd2 Nf7 21.Bg3 Bg5 22.Bf4 Bxf4 23.Nxf4
Rfe8 24.Rfe1 Qc6 25.Re2 Re7 26.Rae1 Rce8 27.h4 Qd6 28.Kf1 g6
29.g3 Nd8 30.Kg2 Nf7 31.Nd3 e5 32.dxe5 Nxe5 33.Nxe5 Rxe5
34.Rxe5 Rxe5 35.Qf4 Re6 36.Rxe6 Qxe6 37.Qb8+ Kg7 38.Qxb5 Qe3
39.Qf1 Kf6 40.Qf2 Qc1 41.Qe2 Kf7 42.g4 h5 43.gxf5 gxf5 44.a4
Kf6 45.a5 f4 46.Qa6+ Ke5 47.Qxa7 Qxb2+ 48.Kh3 Kd6 49.Qd4 Qc1
50.Kg2 Qb2+ 51.Kf1 Qa1+ 52.Ke2 Qa2+ 53.Kd1 Qb1+ 54.Kd2 Qa2+
55.Ke1 Qa1+ 56.Kf2 Qb2+ 57.Ke1 Qa1+ 58.Ke2 Qa2+ 59.Qd2 Qc4+
60.Ke1 Kc6 61.Qb2 Qc5 1/2-1/2

[Event "GLC Chess Challenge"]
[Site "London ENG"]
[Date "1986.03.24"]
[EventDate "1986.03.11"]
[Round "11"]
[Result "1/2-1/2"]
[White "Flear, Glenn Curtis"]
[Black "Short, Nigel David"]
[WhiteElo "2485"]
[BlackElo "2585"]
[PlyCount "72"]

1.d4 e6 2.c4 Nf6 3.g3 Bb4+ 4.Bd2 Bxd2+ 5.Nxd2 d6 6.Ngf3 Qe7
7.Bg2 O-O 8.O-O e5 9.e4 Bg4 10.d5 a5 11.h3 Bxf3 12.Qxf3 Nbd7
13.h4 c6 14.Bh3 Nc5 15.Rfe1 cxd5 16.cxd5 g6 17.Nb3 b6 18.Re3
Nh5 19.Nxc5 bxc5 20.Qg4 Rfb8 21.Rb3 Nf6 22.Qe2 Ne8 23.Qc2 Nc7
24.Bf1 Qd7 25.Re1 Rb4 26.a3 Rbb8 27.Ree3 a4 28.Rxb8+ Rxb8
29.Rf3 Kg7 30.Kg2 Ne8 31.Bc4 Nf6 32.Be2 Qb7 33.Qxa4 Qxb2
34.Re3 Qd4 35.Qa7 Rb2 36.Qe7 Ng4 1/2-1/2